Packing Heat: Movies II Quiz Stats

Quiz Updated May 20, 2014

Challenge
Share
Tweet
Score 0/25 Timer 05:00
5 Plays Today
Movie % Correct
Pulp Fiction
91.6%
Kill Bill (Vol. II)
89.5%
Pirates of the Caribbean
89.1%
Casino Royale
88.7%
Scarface
88%
The Dark Knight
86.3%
Terminator 2: Judgment Day
78.7%
Dirty Harry
76%
The Matrix
75.9%
Die Hard
72.6%
Lethal Weapon
65.7%
The Fifth Element
65.1%
Stand by Me
62.6%
Movie % Correct
Hot Fuzz
61.7%
The Incredibles
59.3%
The Untouchables
55.6%
Taxi Driver
55.6%
The Fugitive
53.4%
Team America: World Police
50.2%
Sin City
47.3%
Last of the Mohicans
45.6%
LA Confidential
32.8%
Grosse Pointe Blank
28.5%
Hitchhiker's Guide...
10.2%
Quick Change
8%

You're not logged in!

Compare scores with friends on all Sporcle quizzes.
Join for Free
OR
Log In

You Might Also Like...

Show Comments

Extras

Top Quizzes Today


Score Distribution

Your Account Isn't Verified!

In order to create a playlist on Sporcle, you need to verify the email address you used during registration. Go to your Sporcle Settings to finish the process.

Report this User

Report this user for behavior that violates our Community Guidelines.

Details: